<?xml version="1.0" encoding="UTF-8"?>
<record
    xmlns:xsi="http://www.w3.org/2001/XMLSchema-instance"
    xsi:schemaLocation="http://www.loc.gov/MARC21/slim http://www.loc.gov/standards/marcxml/schema/MARC21slim.xsd"
    xmlns="http://www.loc.gov/MARC21/slim">

  <leader>01227nam a22002417a 4500</leader>
  <datafield tag="999" ind1=" " ind2=" ">
    <subfield code="c">63336</subfield>
    <subfield code="d">63336</subfield>
  </datafield>
  <controlfield tag="005">20190221121031.0</controlfield>
  <datafield tag="010" ind1=" " ind2=" ">
    <subfield code="a">HIN-95552  &#x930;&#x93E;&#x937;&#x94D;&#x91F;&#x94D;&#x930;&#x92A;&#x924;&#x93F;-2  B-694098</subfield>
  </datafield>
  <datafield tag="020" ind1=" " ind2=" ">
    <subfield code="c">125.00</subfield>
    <subfield code="a">8170165393</subfield>
  </datafield>
  <datafield tag="020" ind1=" " ind2=" ">
    <subfield code="c">195.00 (&#x930;&#x93E;&#x937;&#x94D;&#x91F;&#x94D;&#x930;&#x92A;&#x924;&#x93F;-2)</subfield>
  </datafield>
  <datafield tag="035" ind1=" " ind2=" ">
    <subfield code="a">HN-67898</subfield>
  </datafield>
  <datafield tag="035" ind1=" " ind2=" ">
    <subfield code="a">B-694098</subfield>
  </datafield>
  <datafield tag="037" ind1=" " ind2=" ">
    <subfield code="b">DBAD / PUB</subfield>
  </datafield>
  <datafield tag="037" ind1=" " ind2=" ">
    <subfield code="b">&#x915;&#x93F;&#x924;&#x93E;&#x92C;&#x918;&#x930;  (&#x930;&#x93E;&#x937;&#x94D;&#x91F;&#x94D;&#x930;&#x92A;&#x924;&#x93F;-2</subfield>
  </datafield>
  <datafield tag="082" ind1=" " ind2=" ">
    <subfield code="a">954.083</subfield>
  </datafield>
  <datafield tag="100" ind1=" " ind2=" ">
    <subfield code="a">&#x906;&#x930;&#x94D;&#x92F;,&#x91C;&#x917;&#x924;&#x930;&#x92E;</subfield>
  </datafield>
  <datafield tag="245" ind1=" " ind2=" ">
    <subfield code="a">&#x939;&#x92E;&#x93E;&#x930;&#x947; &#x938;&#x94D;&#x935;&#x924;&#x902;&#x924;&#x94D;&#x930;&#x924;&#x93E; &#x938;&#x947;&#x928;&#x93E;&#x928;&#x940; /</subfield>
    <subfield code="b">&#x91C;&#x917;&#x924;&#x930;&#x92E; &#x906;&#x930;&#x94D;&#x92F;</subfield>
  </datafield>
  <datafield tag="260" ind1=" " ind2=" ">
    <subfield code="a">&#x928;&#x908; &#x926;&#x93F;&#x932;&#x94D;&#x932;&#x940;</subfield>
    <subfield code="b">&#x915;&#x93F;&#x924;&#x93E;&#x92C; &#x918;&#x930;</subfield>
    <subfield code="c">2012</subfield>
    <subfield code="c">2017(&#x930;&#x93E;&#x937;&#x94D;&#x91F;&#x94D;&#x930;&#x92A;&#x924;&#x93F;-2)</subfield>
  </datafield>
  <datafield tag="270" ind1=" " ind2=" ">
    <subfield code="b">&#x928;&#x908; &#x926;&#x93F;&#x932;&#x94D;&#x932;&#x940;</subfield>
    <subfield code="a">24/4855, &#x905;&#x902;&#x938;&#x93E;&#x930;&#x940; &#x930;&#x94B;&#x921;&#x93C; &#x926;&#x930;&#x93F;&#x92F;&#x93E;&#x917;&#x902;&#x91C;</subfield>
    <subfield code="e">110002</subfield>
  </datafield>
  <datafield tag="300" ind1="1" ind2=" ">
    <subfield code="a">100&#x92A;&#x943;.</subfield>
    <subfield code="c">22&#x938;&#x947;&#x92E;&#x940; (&#x938;&#x91C;&#x93F;&#x932;&#x94D;&#x926;)</subfield>
  </datafield>
  <datafield tag="500" ind1=" " ind2=" ">
    <subfield code="a">&#x930;&#x93E;&#x937;&#x94D;&#x91F;&#x94D;&#x930;&#x92A;&#x924;&#x93F;-2</subfield>
  </datafield>
  <datafield tag="942" ind1=" " ind2=" ">
    <subfield code="2">ddc</subfield>
    <subfield code="c">HN</subfield>
    <subfield code="m">&#x906;&#x930;&#x94D;&#x92F;&#x91C;</subfield>
    <subfield code="h">954.083</subfield>
  </datafield>
  <datafield tag="952" ind1=" " ind2=" ">
    <subfield code="0">0</subfield>
    <subfield code="1">0</subfield>
    <subfield code="2">ddc</subfield>
    <subfield code="4">0</subfield>
    <subfield code="7">1</subfield>
    <subfield code="8">NFIC</subfield>
    <subfield code="a">DBAD</subfield>
    <subfield code="b">DBAD</subfield>
    <subfield code="d">2012-02-23</subfield>
    <subfield code="e">DBAD/PUB</subfield>
    <subfield code="g">125.00</subfield>
    <subfield code="l">0</subfield>
    <subfield code="o">954.083 &#x906;&#x930;&#x94D;&#x92F;&#x91C;</subfield>
    <subfield code="p">HN-67898</subfield>
    <subfield code="r">2012-02-23 00:00:00</subfield>
    <subfield code="t">1</subfield>
    <subfield code="v">125.00</subfield>
    <subfield code="w">2012-02-23</subfield>
    <subfield code="y">HN</subfield>
  </datafield>
  <datafield tag="952" ind1=" " ind2=" ">
    <subfield code="0">0</subfield>
    <subfield code="1">0</subfield>
    <subfield code="2">ddc</subfield>
    <subfield code="4">0</subfield>
    <subfield code="7">0</subfield>
    <subfield code="8">NFIC</subfield>
    <subfield code="a">M</subfield>
    <subfield code="b">M</subfield>
    <subfield code="d">2018-05-31</subfield>
    <subfield code="e">&#x915;&#x93F;&#x924;&#x93E;&#x92C;&#x918;&#x930; BL-25609/30.5.18/459/30.5.18/ 31.5.18</subfield>
    <subfield code="g">195.00</subfield>
    <subfield code="l">0</subfield>
    <subfield code="o">954.083 &#x906;&#x930;&#x94D;&#x92F;&#x91C;</subfield>
    <subfield code="p">B-694098</subfield>
    <subfield code="r">2018-05-31 00:00:00</subfield>
    <subfield code="t">1</subfield>
    <subfield code="v">195.00</subfield>
    <subfield code="w">2018-05-31</subfield>
    <subfield code="y">HN</subfield>
    <subfield code="z">&#x930;&#x93E;&#x937;&#x94D;&#x91F;&#x94D;&#x930;&#x92A;&#x924;&#x93F; &#x92D;&#x935;&#x928;-2</subfield>
  </datafield>
</record>
